000 00482nam a2200181Ia 4500
008 100917s9999 xx 000 0 und d
082 _b55235
100 _aबिरादार बाबु
245 _aकावड
260 _bश्री विद्या प्रकाशन
_c1982
300 _a---
365 _b15
520 _aकादंबरी
630 _aकावड
650 _aकादंबरी
730 _aकावड
942 _cBOOK
999 _c660629
_d660626